[Event "Eastern Asia-ch U16 3rd"]
[Site "Shanghai"]
[Date "2018.08.06"]
[Round "7"]
[White "Daniel Hermawan, Lumban Tobing"]
[Black "Bat Erdene, Gansukh"]
[Result "1/2-1/2"]
[WhiteElo "2074"]
[BlackElo "1840"]
[PlyCount "66"]
[EventDate "2018.08.02"]
[EventType "swiss"]
[EventRounds "9"]
[EventCountry "CHN"]
[SourceTitle "EXT 2019"]
[Source "ChessBase"]
[SourceDate "2018.10.10"]
[SourceVersion "1"]
[SourceVersionDate "2018.10.10"]
[SourceQuality "1"]

1. e4 e5 2. Nf3 Nc6 3. Bb5 a6 4. Ba4 Nf6 5. 0-0 Be7 6. Re1 b5 7. Bb3 0-0 8. h3 d6 9. c3 Na5 10. Bc2 c5 11. d4 Qc7 12. Nbd2 Bb7 13. d5 c4 14. Nf1 Bc8 15. Ng3 Bd8 16. b4 Nb7 17. Bg5 a5 18. a3 h6 19. Be3 Bd7 20. Qd2 Kh7 21. Nh4 Ng8 22. Nhf5 Re8 23. Nf1 Bxf5 24. exf5 Bf6 25. g4 Qd8 26. Ng3 Bg5 27. Kg2 f6 28. h4 Bxe3 29. Qxe3 Ne7 30. g5 Nxd5 31. Qf3 Nf4+ 32. Kh2 d5 33. Nh5 Qd6 1/2-1/2

[Event "Eastern Asia-ch U16 3rd"]
[Site "Shanghai"]
[Date "2018.08.03"]
[Round "2"]
[White "Liu, Yu Ping"]
[Black "Bat Erdene, Gansukh"]
[Result "1/2-1/2"]
[WhiteElo "1490"]
[BlackElo "1840"]
[PlyCount "71"]
[EventDate "2018.08.02"]
[EventType "swiss"]
[EventRounds "9"]
[EventCountry "CHN"]
[SourceTitle "EXT 2019"]
[Source "ChessBase"]
[SourceDate "2018.10.10"]
[SourceVersion "1"]
[SourceVersionDate "2018.10.10"]
[SourceQuality "1"]

1. Nf3 Nf6 2. g3 b6 3. Bg2 Bb7 4. 0-0 e6 5. c4 Be7 6. Nc3 0-0 7. d4 Ne4 8. Qc2 Nxc3 9. Qxc3 f5 10. b3 Bf6 11. Bb2 d6 12. Rfd1 Nd7 13. Qd2 Be4 14. Rac1 Qe7 15. Ne1 Bxg2 16. Nxg2 g5 17. Qd3 Qg7 18. f4 g4 19. e4 Nc5 20. dxc5 Bxb2 21. Rc2 bxc5 22. Re2 Bd4+ 23. Kh1 Qf6 24. Ne3 c6 25. exf5 exf5 26. Nc2 Rae8 27. Nxd4 cxd4 28. Rxe8 Rxe8 29. Qxd4 Re1+ 30. Kg2 Re2+ 31. Kf1 Qe6 32. Rd2 Re1+ 33. Kg2 Qh6 34. h4 gxh3+ 35. Kh2 Qe6 36. Qxd6 1/2-1/2